[Event "IECC O email"]
[Site "IECC email"]
[Date "2002.12.28"]
[Round "?"]
[White "Martynov, Nikolay"]
[Black "Acebedo, Pierre"]
[Result "1-0"]
[WhiteElo "1047"]
[BlackElo "1000"]
[PlyCount "23"]
[EventDate "2002.??.??"]
[EventType "tourn (corr)"]
[EventRounds "6"]
[SourceTitle "Corr 2008"]
[Source "ChessBase"]
[SourceDate "2008.06.24"]
[SourceVersion "1"]
[SourceVersionDate "2008.06.24"]
[SourceQuality "1"]

1. e4 f6 2. d4 e5 3. dxe5 fxe5 4. Qh5+ g6 5. Qxe5+ Qe7 6. Qxh8 Nf6 7. Bh6 Qxe4+ 8. Be2 Qb4+ 9. Nc3 Ne4 10. a3 Qe7 11. Nxe4 Qxe4 12. Qxf8# 1-0